MARC details
| 000 -LEADER |
| fixed length control field |
02948nam a22004214a 4500 |
| 001 - CONTROL NUMBER |
| control field |
7266 |
| 003 - CONTROL NUMBER IDENTIFIER |
| control field |
BD-DhEWU |
| 005 - DATE AND TIME OF LATEST TRANSACTION |
| control field |
20180113103226.0 |
| 008 - FIXED-LENGTH DATA ELEMENTS--GENERAL INFORMATION |
| fixed length control field |
130925s2006 enka g b 001 0 eng d |
| 020 ## - INTERNATIONAL STANDARD BOOK NUMBER |
| International Standard Book Number |
0199298009 (pbk. : alk. paper) |
|
| International Standard Book Number |
0199297991 (hbk. : alk. paper) |
|
| International Standard Book Number |
9780199298006 |
|
| International Standard Book Number |
9780199297993 |
| 035 ## - SYSTEM CONTROL NUMBER |
| System control number |
(OCoLC) 839360027 |
| 040 ## - CATALOGING SOURCE |
| Original cataloging agency |
DLC |
| Transcribing agency |
DLC |
| Modifying agency |
BAKER |
| -- |
BWKUK |
| -- |
YDXCP |
| -- |
OCLCQ |
| -- |
DLC |
| -- |
BD-DhEWU |
| Language of cataloging |
eng |
| 041 ## - LANGUAGE CODE |
| Language code of text/sound track or separate title |
eng |
| 050 00 - LIBRARY OF CONGRESS CALL NUMBER |
| Classification number |
HC79.E5 |
| Item number |
E2665 2006 |
| 082 04 - DEWEY DECIMAL CLASSIFICATION NUMBER |
| Classification number |
338.927 ECO |
| Item number |
2006 |
| 245 00 - TITLE STATEMENT |
| Title |
Economic development and environmental sustainability : |
| Remainder of title |
new policy options / |
| Statement of responsibility, etc |
edited by Ramón López and Michael A. Toman. |
| 260 ## - PUBLICATION, DISTRIBUTION, ETC. (IMPRINT) |
| Place of publication, distribution, etc |
Oxford ; |
| -- |
New York : |
| Name of publisher, distributor, etc |
Oxford University Press, |
| Date of publication, distribution, etc |
2006. |
| 300 ## - PHYSICAL DESCRIPTION |
| Extent |
xvii, 486 p. : |
| Other physical details |
ill. ; |
| Dimensions |
24 cm. |
| 440 #4 - SERIES STATEMENT/ADDED ENTRY--TITLE |
| Title |
The initiative for policy dialogue series |
| 9 (RLIN) |
21544 |
| 504 ## - BIBLIOGRAPHY, ETC. NOTE |
| Bibliography, etc |
Includes bibliographical references and index. |
| 505 0# - FORMATTED CONTENTS NOTE |
| Formatted contents note |
Natural capital, resource dependency, and poverty in developing countries : the problem of 'dualism within dualism' / Edward B. Barbier -- Measuring development prospects by 'greening' the national accounts / Kirk Hamilton and Rashid Hassan -- Impacts of macroeconomic policies on the environment, natural resources, and welfare in developing countries / Jon Strand and B. Gabriela Mundaca -- Political economy and natural resource use / Robert T. Deacon and Bernardo Mueller -- Structural adjustment and sustainable development / Ramón López -- Trade and the environment in developing economies / Brian R. Copeland and Sumeet Gulati -- Environmental policy instruments and institutions in developing countries / E. Somanathan and Thomas Sterner -- Energy, equity, and economic development / Douglas F. Barnes and Michael A. Toman -- Water institutional reforms in developing countries / R. Maria Saleth and Ariel Dinar -- Water quality issues in developing countries / Anil Markandya -- Urban air pollution, health, and policy instruments / Alan J. Krupnick -- The economics of terrestrial biodiversity conservation in developing nations / Heidi J. Albers and Paul Ferraro -- Conservation of tropical forests / Erwin Bulte and Stefanie Engel. |
| 526 ## - STUDY PROGRAM INFORMATION NOTE |
| Program name |
Economics |
| 590 ## - LOCAL NOTE (RLIN) |
| Local note |
Tahur Ahmed |
| 650 #0 - SUBJECT ADDED ENTRY--TOPICAL TERM |
| Topical term or geographic name as entry element |
Sustainable development. |
| Source of heading or term |
SLSH |
| 9 (RLIN) |
2590 |
|
| Topical term or geographic name as entry element |
Economic development |
| General subdivision |
Environmental aspects. |
| Source of heading or term |
SLSH |
| 9 (RLIN) |
2591 |
| 700 1# - ADDED ENTRY--PERSONAL NAME |
| Personal name |
López, Ramón, |
| Dates associated with a name |
1948- |
| 9 (RLIN) |
2592 |
|
| Personal name |
Toman, Michael A. |
| 9 (RLIN) |
2593 |
| 856 42 - ELECTRONIC LOCATION AND ACCESS |
| Materials specified |
Publisher description |
| Uniform Resource Identifier |
http://www.loc.gov/catdir/enhancements/fy0637/2006010274-d.html |
|
| Materials specified |
Table of contents |
| Uniform Resource Identifier |
http://www.loc.gov/catdir/enhancements/fy0637/2006010274-t.html |
|
| Materials specified |
OCLC |
| Uniform Resource Identifier |
http://www.worldcat.org/title/economic-development-and-environmental-sustainability-new-policy-options/oclc/839360027&referer=brief_results |
|
| Materials specified |
E-book Fulltext |
| Uniform Resource Identifier |
http://lib.ewubd.edu/ebook/7266 |
| 942 ## - ADDED ENTRY ELEMENTS (KOHA) |
| Source of classification or shelving scheme |
Dewey Decimal Classification |
| Koha item type |
Text |